000 00321nam a2200133Ia 4500
005 20260328104322.0
008 260328s9999||||xx |||||||||||||| ||und||
100 _aFeldmeyer, Gerhard
245 0 _aGerman Architecture /
_cGerhard Feldmeyer
260 _bRizzoli
300 _a224 p.
650 _aALEMANIA
942 _cBK
999 _c11394
_d11394